000
003060000a22001330004500
050
4
_a
CD 020
245
1
0
_a
Código Civil Brevis
260
_a
Bogota : Leyer
001
13589
942
_c
BK
999
_c
42546
_d
42546
336
_a
texto
_b
txt
_2
rdacontent
337
_2
rdamedia
_a
sin mediación
_b
n
338
_2
rdacarrier
_a
volumen
_b
nc